000 01155cad a22002295a 4500
001 L153612
008 110810s20110711xxkd f s 000 0 eng d
035 _a(Sirsi) u153612
041 0 _aeng
050 0 4 _a346.4172 $2 18
110 2 _aRoyal Institution of Chartered Surveyors
_bEconomics
_95033
245 0 0 _aRICS Arts and antiques market survey
_bsecond quarter 2011
_h[electronic resource]
260 _aLondon
_bRICS
_c2011
490 0 _aRICS Arts and Antiques Market Survey
_vSecond Quarter 20112010
520 _aThe net balance of surveyors reported that price momentum had slipped lightly. Top end of the market is strengthening whilst the bottom end is weakening. The best performing sub-sectors are silver and jewellery whilst the worst performing are clocks and furniture. The sector is expected to continue performing well over the rest of 2011.
590 _aKA
650 2 4 _aRICS ARTS AND ANTIQUES MARKET SURVEY
651 4 _aUnited Kingdom
_y
690 _aArts and antiques
_96217
856 4 0 _uhttps://www.rics.org/site/download_feed.aspx?fileID=10034&fileExtension=PDF
_zView this item free of charge at www.rics.org
942 _n0
999 _c112610
_d112610